200 derniers mots de Harry Potter et la coupe de feu - Statistiques

Statistiques générales
  • Ce quiz a été pris 678 fois
  • Le résultat moyen est 115 sur 200
Statistiques - réponses
Mots % Correct
à
95%
-A
95%
A
95%
d'
95%
L'
95%
l'
95%
s'
94%
Harry
92%
Harry.
92%
Harry,
92%
Harry !
92%
-Harry...
92%
t'
92%
t-
92%
le
90%
Il
89%
il,
89%
il
89%
de
88%
Hermione.
88%
n'
88%
la
87%
Ron
87%
et
85%
ce
81%
elle
81%
Elle
81%
se
81%
-Je
80%
les
79%
dit
78%
dit,
78%
qu'
78%
des
76%
Dès
76%
un
75%
ils
74%
une
73%
en
72%
que
72%
au
71%
-Au
71%
avait
70%
pour
70%
ses
70%
nous
68%
dans
67%
qui
65%
va
65%
lui.
62%
lui
62%
lui,
62%
par
62%
plus
62%
revoir,
62%
sur
61%
bientôt,
60%
était
60%
été.
60%
oncle
58%
Vernon
58%
cet
57%
bras
56%
vit,
55%
Weasley
53%
Dursley.
52%
jamais
51%
Dumbledore
50%
pense
50%
peu
50%
avec
49%
vers
48%
serrer
47%
dos.
46%
voiture
45%
fait :
44%
joue.
44%
tout
44%
embrassa
43%
tape
43%
Comme
41%
donnant
41%
fit
41%
alors
40%
chose
40%
encore
40%
eu
40%
leur
40%
oreille :
39%
près
39%
quelque
39%
temps
39%
côté
38%
précipita
38%
Fred
36%
George.
36%
Mrs
36%
chez
34%
Hagrid
32%
venir
32%
instant,
31%
puis
30%
tard
29%
tourna
29%
toujours
28%
montant
27%
tenait
27%
Tiens-
27%
attendait
26%
courant,
26%
pensa-
26%
Merci,
24%
murmura
24%
aient
23%
autoriser
23%
sortie.
22%
tête
21%
oeil
20%
adressa
19%
clin
17%
suivit
17%
derrière
16%
mot,
16%
préparer
15%
affronter.
14%
barrière.
14%
faudrait
14%
inquiéter
13%
inutile
13%
Malefoy,
13%
arriverait
12%
signes
12%
couloir,
10%
Crabbe
10%
Goyle
10%
visage
9%
sortilèges.
8%
frénétiques.
7%
ajouter
6%
approuva
6%
enjambant
6%
déformé
5%
sequelles
4%
silence
4%
inertes
3%
Aucun quiz correspondant
Distribution des résultats
% des personnes avec chaque résultat
Percentile par nombre de réponses
Votre historique - résultats
Vous n’avez pas pris ce quiz